Simplify Fractions Quiz - Statistics

General Stats
  • This quiz has been taken 1,975 times
  • The average score is 9 of 10
Answer Stats
Fraction Most Simple % Correct
2/4 1/2
100%
3/9 1/3
97%
4/14 2/7
95%
8/14 4/7
95%
5/20 1/4
94%
12/16 3/4
94%
12/20 3/5
94%
15/18 5/6
94%
40/100 2/5
93%
17/20 17/20
83%
No matching quizzes found
Score Distribution
Percent of People with Each Score
Percentile by Number Answered
Your Score History
You have not taken this quiz